[Event "SVK-ch U12 Girls"]
[Site "Lubovna"]
[Date "2013.04.06"]
[Round "1"]
[White "Ferkova, Dominika"]
[Black "Bohusova, Kristina"]
[Result "1-0"]
[WhiteElo "1603"]
[BlackElo "1000"]
[PlyCount "61"]
[EventDate "2013.04.06"]
[EventType "swiss"]
[EventRounds "9"]
[EventCountry "SVK"]
[SourceTitle "CBM 153 Extra"]
[Source "ChessBase"]
[SourceDate "2013.04.22"]
[SourceVersion "1"]
[SourceVersionDate "2013.04.22"]
[SourceQuality "1"]

1. d4 d5 2. c4 c5 3. e3 cxd4 4. exd4 Bf5 5. Nc3 e6 6. Nf3 dxc4 7. Bxc4 Nf6 8. 0-0 Bd6 9. Bg5 h6 10. Bh4 g5 11. Bg3 g4 12. Bb5+ Nfd7 13. Bxd6 a6 14. Bxd7+ Qxd7 15. Bxb8 Rxb8 16. Ne5 Qe7 17. Qa4+ b5 18. Qxa6 0-0 19. Nc6 Qd6 20. Nxb8 Qxb8 21. Qxb5 Qc8 22. Rfc1 h5 23. Ne4 Qa8 24. Ng3 h4 25. Nxf5 h3 26. Ne3 f5 27. Qc6 Qa5 28. Qxe6+ Rf7 29. Qg6+ Rg7 30. Rc8+ Qd8 31. Rxd8# 1-0